Motivational society (a volume in homour of David C. MacClelland)

Bibliographic Details
Other Authors: Stewart, Abigail J.
Format: Book
Published: San Francisco, Washington : Josey Bass , 1982
Subjects:

MARC

LEADER 00000cam a2200000 7i4500
001 0000000623
005 20050613.0
020 |a 0875895263 
040 |a INS 
090 0 0 |a BF504.   |b M67 1982 
245 0 0 |a Motivational society (a volume in homour of David C. MacClelland)   |c ed. Abigail J. Stewart 
260 |a San Francisco, Washington :   |b Josey Bass ,   |c 1982 
300 |a xvp :   |b 379p ;   |c 23cm. 
500 |a Includes index 
600 0 0 |a Mcclelland, David Clarence   |x Addresses, essays, lectures, social 
650 0 0 |a Motivation (psychology)   |x Aspects   |x Addresses, essays, lectures 
700 1 |a Stewart, Abigail J. 
999 |a 0000002211   |b BOOK   |c Open Shelf   |e Default branch